| 000 | 00542nam a22002057a 4500 | ||
|---|---|---|---|
| 003 | OSt | ||
| 005 | 20160527182309.0 | ||
| 008 | 160527b xxu||||| |||| 00| 0 eng d | ||
| 020 | _a9781405168311 | ||
| 040 | _cDNLM | ||
| 082 | _aWY156.7 S91k 2009 | ||
| 100 |
_aEdited by Kathy, French _99074 |
||
| 245 | _aSexual Health | ||
| 250 | _aChichester; John Wiley, 2009 | ||
| 300 | _axviii,222p; ill: 20cm | ||
| 504 | _aReferences, & index included | ||
| 650 |
_aGynecologic nursing _99075 |
||
| 650 |
_aHealth sex _99076 |
||
| 942 |
_2z _cO_SHELF |
||
| 999 |
_c4209 _d4209 |
||